| 000 | 00360 a2200169 4500 | ||
|---|---|---|---|
| 001 | 186685 | ||
| 020 | _a85-08-03027-4 | ||
| 040 | _cMagnum | ||
| 100 | _aBelinky, Tatiana | ||
| 240 | 1 | 0 |
_aHistória de fantasma _lpor |
| 245 | 1 | 0 | _aHistória de fantasma |
| 300 | _a24 | ||
| 362 | 0 | _a1998 | |
| 440 | 1 | _aÁtica | |
| 697 | _aLITERATURA INFANTO | ||
| 942 | _cBK | ||
| 999 |
_c186685 _d186685 |
||